[Event "R5-A-Muret CD/Muret Gambit"]
[Site "?"]
[Date "2003.02.02"]
[Round "5.5"]
[White "NN"]
[Black "Sylvain, Christophe"]
[Result "0-1"]
[WhiteElo "1530"]
[BlackElo "1470"]
[EventDate "2003.03.01"]
[PlyCount "65"]

1.e4 c6 2.Nf3 d5 3.exd5 cxd5 4.d4 Bg4 5.Be2 e6 6.O-O Bd6 7.Bg5 Qc7 8.Nbd2 
Nd7 9.c3 Ngf6 10.Qc2 O-O 11.Rfe1 Bf5 12.Bd3 Bxd3 13.Qxd3 Ng4 14.Nf1 Rfe8 
15.h3 Ngf6 16.Re2 Rac8 17.Bh4 Ne4 18.N1d2 Nxd2 19.Rxd2 Qc4 20.g4 Qxd3 21.
Rxd3 e5 22.dxe5 Nxe5 23.Nxe5 Rxe5 24.Bg3 Re6 25.Rxd5 Bxg3 26.fxg3 Re2 27.
b3 g6 28.Rd3 Rc2 29.c4 Re8 30.a4 Ree2 31.Rf3 Rg2+ 32.Kf1 Rh2 33.h4 0-1

[Event "R5-A-Muret CD/Muret Gambit"]
[Site "?"]
[Date "2003.02.02"]
[Round "5.3"]
[White "NN"]
[Black "Camilleri, Hervé"]
[Result "0-1"]
[WhiteElo "1510"]
[BlackElo "1660"]
[EventDate "2003.03.01"]
[PlyCount "72"]

1.c4 e5 2.Nc3 Nf6 3.g3 c6 4.Nf3 e4 5.Nd4 d5 6.cxd5 cxd5 7.Bg2 Bc5 8.Nb3 
Bb6 9.Na4 Nc6 10.Nxb6 Qxb6 11.f3 Be6 12.fxe4 dxe4 13.Qc2 O-O 14.e3 Nb4 15.
Qb1 Rac8 16.O-O Bc4 17.Rxf6 Qxf6 18.Qxe4 Nd3 19.Qf3 Qxf3 20.Bxf3 Bxb3 21.
axb3 Rxc1+ 22.Rxc1 Nxc1 23.Bxb7 Rb8 24.Bd5 Kf8 25.Bc4 Ke7 26.Kf2 a5 27.e4 
Nxb3 28.Ke3 Rb4 29.d3 Na1 30.Kd4 Rxb2 31.h3 a4 32.Kc3 a3 33.d4 Rg2 34.Kb4 
Rxg3 35.e5 Nc2+ 36.Kc5 Rc3 0-1

[Event "R5-A-Muret CD/Muret Gambit"]
[Site "?"]
[Date "2003.02.02"]
[Round "5.1"]
[White "NN"]
[Black "Rahal, Sami"]
[Result "0-1"]
[WhiteElo "1499"]
[BlackElo "1690"]
[EventDate "2003.03.01"]
[PlyCount "73"]

1.e4 b6 2.d3 Bb7 3.Nc3 e6 4.Qd2 Nf6 5.f3 Nc6 6.a3 e5 7.b3 Be7 8.Bb2 d6 9.
O-O-O Nd7 10.Kb1 O-O 11.g3 Nd4 12.h4 f5 13.Nge2 Nxf3 14.Qe3 fxe4 15.dxe4 
c5 16.Nc1 Nd4 17.Bc4+ Kh8 18.g4 Nf6 19.N1e2 Nxg4 20.Qg3 h5 21.Rdg1 Nf3 22.
Rg2 Nd2+ 23.Ka1 Nxe4 24.Qd3 Nef2 25.Qg6 Qe8 26.Bd3 Qxg6 27.Bxg6 Bxg2 28.
Rg1 Bf3 29.Ng3 Rf6 30.Bxh5 g6 31.Bxg4 Nxg4 32.Nge4 Rf5 33.Rg3 Kg7 34.Bc1 
Rh8 35.Ng5 Rxh4 36.Nb5 Bxg5 37.Bb2 0-1

[Event "CEIT-Montech"]
[Site "?"]
[Date "2003.02.02"]
[Round "5"]
[White "LAFUMA, Antoine"]
[Black "AUGE, Jean"]
[Result "0-1"]
[WhiteElo "1740"]
[BlackElo "1870"]
[PlyCount "90"]

1.e4 d5 2.exd5 Qxd5 3.Nc3 Qa5 4.Bc4 Nf6 5.d3 Bg4 6.f3 Bh5 7.Ne2 c6 8.Nf4 
Nbd7 9.Nxh5 Qxh5 10.Bf4 e6 11.Qe2 Qf5 12.Bg3 Nh5 13.Ne4 Nxg3 14.Nxg3 Qf6 
15.O-O-O b5 16.Bb3 a5 17.a3 a4 18.Ba2 b4 19.axb4 Qf4+ 20.Qd2 Qxd2+ 21.Rxd2
Bxb4 22.c3 Bd6 23.Re1 Bf4 24.Bxe6 Bxd2+ 25.Kxd2 fxe6 26.Rxe6+ Kf7 27.Rxc6 
a3 28.bxa3 Rxa3 29.Rc4 Ra2+ 30.Ke3 Rxg2 31.Rh4 Nf6 32.Ne4 Re8 33.Kd4 Rd8+ 
34.Ke3 h6 35.Nxf6 Kxf6 36.c4 Re8+ 37.Kd4 Kg5 38.Rh3 Kf4 39.c5 Rd8+ 40.Kc4 
Rc2+ 41.Kb5 Rxd3 42.Rg3 Rdc3 43.Rxg7 Rxc5+ 44.Kb4 Rc8 45.Rb7 Rb2+ 0-1

[Event "R6Ronde5 Muret3-Vic Bigorre2"]
[Site "?"]
[Date "2003.02.02"]
[Round "5.3"]
[White "DURRIEU, Etiennette"]
[Black "REIGNIER, Richard"]
[Result "1-0"]
[WhiteElo "1080"]
[BlackElo "1199"]
[PlyCount "91"]

1.Nf3 d5 2.d4 Nf6 3.h3 Bf5 4.Nc3 e6 5.a3 Ne4 6.Ne5 Qh4 7.Be3 Bd6 8.Nf3 Qh5
9.g4 Bxg4 10.Bg2 Bf5 11.Qd3 Nxf2 12.Qb5+ c6 13.Qxb7 Nxh1 14.Qxa8 O-O 15.
Qxa7 Ng3 16.O-O-O Bg6 17.Qb6 Qf5 18.Ne1 Bf4 19.Bxf4 Qxf4+ 20.Kb1 Nd7 21.
Qxc6 Nb8 22.Qb5 Be4 23.Bf3 Bxf3 24.exf3 e5 25.Nxd5 Qf5 26.Ne7+ Kh8 27.Nxf5
Nxf5 28.Qxe5 Nh4 29.d5 Ng6 30.Qd6 h6 31.f4 Re8 32.f5 Nf8 33.Nf3 g6 34.Qf6+
Kg8 35.d6 Nbd7 36.Qd4 gxf5 37.Nh4 Ne6 38.Qd5 Nf4 39.Qf3 Ne6 40.Nxf5 Ng5 
41.Qg4 Nf6 42.Nxh6+ Kf8 43.Qxg5 Re6 44.d7 Ne8 45.d8=Q f6 46.Qg7+ 1-0

[Event "Castel/Moissac-Colomiers"]
[Site "?"]
[Date "2003.02.02"]
[Round "5"]
[White "Roques, Olivier"]
[Black "Artis, Paul"]
[Result "0-1"]
[WhiteElo "1009"]
[BlackElo "1490"]
[EventDate "2003.??.??"]
[PlyCount "90"]

1.d4 d5 2.Bf4 Nf6 3.e3 e6 4.Nf3 Nbd7 5.Nc3 Bd6 6.Bxd6 cxd6 7.Nb5 Nb6 8.Bd3
a6 9.Nc3 O-O 10.O-O Re8 11.e4 dxe4 12.Nxe4 Nxe4 13.Bxe4 f5 14.Bd3 Nd5 15.
c4 Nf6 16.Ng5 Qb6 17.b3 Qxd4 18.Re1 Qf4 19.Qc1 Qxc1 20.Raxc1 h6 21.Nf3 e5 
22.Rcd1 e4 23.Bc2 exf3 24.gxf3 Rxe1+ 25.Rxe1 Kf7 26.Rd1 Ne8 27.b4 Be6 28.
c5 dxc5 29.bxc5 Rc8 30.Rb1 Bd5 31.Bxf5 Rxc5 32.Be4 Bxe4 33.fxe4 Nd6 34.Rd1
Ke6 35.Kg2 Nxe4 36.Re1 Kf5 37.f3 Rc2+ 38.Kh3 Ng5+ 39.Kg3 b5 40.h4 Ne6 41.
f4 Rxa2 42.Re5+ Kf6 43.Kg4 Rg2+ 44.Kf3 Rg1 45.Re2 Nd4+ 0-1

[Event "Castel/Moissac-Colomiers"]
[Site "?"]
[Date "2003.02.02"]
[Round "5"]
[White "Lacroix, Romain"]
[Black "Hantisse, Alain"]
[Result "1/2-1/2"]
[WhiteElo "1840"]
[BlackElo "1850"]
[EventDate "2003.??.??"]
[PlyCount "52"]

1.e4 c6 2.d4 d5 3.exd5 cxd5 4.c4 Nf6 5.Nc3 Nc6 6.Nf3 Bg4 7.Be3 Qd7 8.c5 e5
9.Bb5 e4 10.Ne5 Bxd1 11.Nxd7 Kxd7 12.Kxd1 h6 13.Ke2 g6 14.b4 Bg7 15.a4 a6 
16.Bxc6+ bxc6 17.b5 axb5 18.axb5 cxb5 19.Nxb5 Rhb8 20.Rxa8 Rxa8 21.Rc1 Kc6
22.Nd6 Ng4 23.Nxf7 Ra2+ 24.Ke1 Ra3 25.Ke2 Ra2+ 26.Ke1 Ra3 1/2-1/2

[Event "Castel/Moissac-Colomiers"]
[Site "?"]
[Date "2003.02.02"]
[Round "5"]
[White "Catala, Laurent"]
[Black "Blesing, René"]
[Result "0-1"]
[WhiteElo "1650"]
[BlackElo "1690"]
[EventDate "2003.??.??"]
[PlyCount "82"]

1.e4 Nf6 2.Nc3 d5 3.exd5 Nxd5 4.Nxd5 Qxd5 5.Qf3 Qxf3 6.Nxf3 Nc6 7.Bb5 Bd7 
8.c3 a6 9.Ba4 e6 10.d4 Be7 11.Bc2 h6 12.Bf4 O-O-O 13.O-O-O g5 14.Be3 Bf6 
15.h3 Kb8 16.Be4 Rhf8 17.Rhg1 Ne7 18.Ne1 Bc6 19.Bxc6 Nxc6 20.g4 Rd7 21.Nc2
Rfd8 22.f4 Ne7 23.Rgf1 Nd5 24.Bd2 gxf4 25.Ne1 Bg5 26.Ng2 Ne3 27.Nxe3 fxe3 
28.Kc2 e2 29.Bxg5 hxg5 30.Rde1 exf1=Q 31.Rxf1 Rh8 32.Rf3 Kc8 33.Kd3 Kd8 
34.Ke4 Ke7 35.b4 f6 36.a4 b5 37.a5 Rh4 38.Ke3 Rd8 39.Kf2 Rdh8 40.Kg2 Kf7 
41.Kh2 Rxg4 0-1

[Event "R6Ronde5 Ramonville2-Luchon1"]
[Site "?"]
[Date "2003.02.02"]
[Round "5.4"]
[White "SAINT MARTIN, Olivier"]
[Black "BOUET, Arnaud"]
[Result "1-0"]
[WhiteElo "1390"]
[BlackElo "1009"]
[PlyCount "53"]

1.e4 e6 2.Nf3 d5 3.Bd3 d4 4.c3 Bc5 5.b4 Bb6 6.Na3 Nc6 7.Bb2 Nf6 8.Nc4 Bd7 
9.cxd4 Nxb4 10.Nfe5 Nxd3+ 11.Nxd3 O-O 12.e5 Ne4 13.Qg4 Bc6 14.O-O Nxd2 15.
Nxd2 Ba5 16.Nb3 Bd5 17.Nxa5 b6 18.Nb3 Bc4 19.Nf4 Bxf1 20.Rxf1 Rc8 21.Nh5 
g6 22.Nf6+ Kg7 23.Bc1 c5 24.Qg5 Qxf6 25.Qxf6+ Kg8 26.Bh6 cxd4 27.Qg7# 1-0

[Event "CEIT-Montech"]
[Site "?"]
[Date "2003.02.02"]
[Round "5"]
[White "Lecoultre, Patrick"]
[Black "Bakoiche, Paul"]
[Result "0-1"]
[WhiteElo "1750"]
[BlackElo "1650"]
[EventDate "2003.??.??"]
[PlyCount "118"]

1.e4 c5 2.Nc3 g6 3.f4 Bg7 4.Nf3 e6 5.Bc4 Ne7 6.O-O a6 7.a3 b5 8.Ba2 Nbc6 
9.d3 Bb7 10.Qe1 Qb6 11.f5 Nd4 12.Nxd4 Bxd4+ 13.Be3 gxf5 14.exf5 Rg8 15.g3 
Qc6 16.Ne4 O-O-O 17.f6 Nf5 18.Bxd4 Nxd4 19.Qf2 d5 20.Nd2 Nf5 21.c3 h5 22.
d4 h4 23.Qf4 hxg3 24.h3 Rh8 25.Bb1 Rh4 26.Qg5 Rdh8 27.Bxf5 exf5 28.Qxf5+ 
Kb8 29.Kg2 Bc8 30.Qe5+ Ka8 31.Rh1 R8h5 32.Qe7 Bxh3+ 33.Kg1 g2 34.Rh2 Rf5 
35.Qd8+ Ka7 36.Qe7+ Kb6 37.Qd8+ Qc7 38.dxc5+ Kc6 39.Qxc7+ Kxc7 40.b4 Rxf6 
41.Re1 Rhh6 42.Rxh3 Rxh3 43.Kxg2 Rxc3 44.Re5 d4 45.Ne4 Rg6+ 46.Rg5 Rxg5+ 
47.Nxg5 Rxa3 48.Nxf7 d3 49.Kf2 Rb3 50.Ne5 Rxb4 51.Nxd3 Re4 52.Kf3 Re8 53.
Kf4 a5 54.Ne5 a4 55.Nd3 a3 56.Nb4 Ra8 57.Nc2 a2 58.Na1 Re8 59.Kf3 Re1 0-1

[Event "CEIT-Montech"]
[Site "?"]
[Date "2003.02.02"]
[Round "5"]
[White "Aflallo"]
[Black "Sauty"]
[Result "1-0"]
[WhiteElo "1620"]
[BlackElo "1270"]
[EventDate "2003.??.??"]
[PlyCount "103"]

1.e4 g6 2.Bc4 d6 3.c3 Nf6 4.d3 Bg7 5.Ne2 Nbd7 6.f4 O-O 7.Be3 a6 8.h3 b5 9.
Bb3 e6 10.Nd2 Nc5 11.Bc2 Ncd7 12.Nf3 c5 13.O-O a5 14.d4 Qc7 15.Rc1 Bb7 16.
Ng3 Rad8 17.Qd2 cxd4 18.cxd4 b4 19.Bb3 Qb8 20.Bc2 Qa8 21.e5 dxe5 22.Nxe5 
Nxe5 23.fxe5 Ne4 24.Bxe4 Bxe4 25.Nxe4 Qxe4 26.Rf4 Qa8 27.Qf2 Rc8 28.Rf1 
Qb7 29.Rh4 Rc7 30.Bh6 Qc8 31.Qe3 f5 32.Bxg7 Rxg7 33.Rhf4 g5 34.R4f2 f4 35.
Qb3 Kh8 36.Rc2 Qa6 37.Rfc1 Qb6 38.Qd3 h5 39.Rc6 Qb7 40.Rxe6 f3 41.Rh6+ Rh7
42.Rxh7+ Qxh7 43.Qxh7+ Kxh7 44.Rc7+ Kg8 45.e6 fxg2 46.Kxg2 Re8 47.d5 Kf8 
48.Rh7 h4 49.Kf3 Re7 50.Rxe7 Kxe7 51.Kg4 Kf6 52.b3 1-0

[Event "R6Ronde5 Ramonville2-Luchon1"]
[Site "?"]
[Date "2003.02.02"]
[Round "5.1"]
[White "Rizzo, Carlo"]
[Black "Gales, Jacques"]
[Result "1-0"]
[WhiteElo "1560"]
[BlackElo "1499"]
[EventDate "2003.??.??"]
[PlyCount "65"]

1.c4 e5 2.Nc3 Nf6 3.g3 Be7 4.Bg2 c6 5.e4 O-O 6.Nge2 b6 7.O-O Bb7 8.d4 Qc7 
9.b3 c5 10.d5 a6 11.f4 d6 12.fxe5 dxe5 13.h3 Nbd7 14.g4 h6 15.Ng3 Nh7 16.
Nf5 Qd8 17.Nxe7+ Qxe7 18.Ne2 Qh4 19.Qe1 Qxe1 20.Rxe1 Ndf6 21.Ng3 Bc8 22.
Nf5 Bxf5 23.gxf5 Nh5 24.Kh2 Nf4 25.Bxf4 exf4 26.Rf1 g5 27.e5 f6 28.e6 Rfe8
29.d6 Rad8 30.Rad1 Nf8 31.e7 Rxd6 32.exf8=Q+ Kxf8 33.Rxd6 1-0

[Event "R6Ronde5 Muret4-Villeneuve tolosane2"]
[Site "?"]
[Date "2003.02.02"]
[Round "5.3"]
[White "Sacareau, Christopher"]
[Black "Raboul, Francois"]
[Result "1-0"]
[WhiteElo "1099"]
[BlackElo "1199"]
[EventDate "2003.??.??"]
[PlyCount "113"]

1.e4 e5 2.Nf3 Nc6 3.Nc3 Nf6 4.Bb5 d6 5.d3 Be7 6.Be3 Bg4 7.Bxc6+ bxc6 8.O-O
O-O 9.Nd5 cxd5 10.exd5 Nxd5 11.Qe2 Nxe3 12.Qxe3 Bxf3 13.Qxf3 Bh4 14.Qh3 
Rb8 15.Rfe1 Rxb2 16.Re4 Bg5 17.Qh5 Rxc2 18.Rg4 f6 19.h4 Qe8 20.Qxe8 Rxe8 
21.hxg5 fxg5 22.Rxg5 c5 23.Rb1 h6 24.Rg6 e4 25.dxe4 Rxe4 26.Rb8+ Kh7 27.
Rxd6 Rc1+ 28.Kh2 Re2 29.Kg3 Re5 30.f4 Rc3+ 31.Kg4 h5+ 32.Kh4 Rf5 33.g4 
hxg4 34.Kxg4 Rf7 35.Kh5 g6+ 36.Rxg6 Rf5+ 37.Rg5 Rh3+ 38.Kg4 Rd5 39.Kxh3 
Rd3+ 40.Kg4 c4 41.Rb7+ Kh6 42.Rh5+ Kg6 43.Rxa7 Rd2 44.Ra6+ Kf7 45.Rh7+ Kg8
46.Rb7 Rd8 47.Rg6+ Kf8 48.Rbg7 c3 49.Rg8+ Ke7 50.R8g7+ Kf8 51.Rc7 Re8 52.
Kh5 c2 53.Rxc2 Kf7 54.Rc7+ Kf8 55.Kh6 Rd8 56.Kh7 Re8 57.Rg8# 1-0

[Event "R6Ronde5 Muret4-Villeneuve tolosane2"]
[Site "?"]
[Date "2003.02.02"]
[Round "5.2"]
[White "Hernandez, Jeremy"]
[Black "Lovera, Clement"]
[Result "1-0"]
[WhiteElo "1280"]
[BlackElo "1199"]
[EventDate "2003.??.??"]
[PlyCount "111"]

1.e4 e5 2.Nf3 Nf6 3.Nc3 Nc6 4.Bc4 b6 5.Ng5 Bb4 6.Nxf7 Qe7 7.Nxh8 Nd4 8.O-O
c6 9.Nf7 d5 10.exd5 Bg4 11.f3 Bf5 12.Nxe5 Qxe5 13.Re1 Ne4 14.Nxe4 O-O-O 
15.Nd6+ Qxd6 16.c3 Nxf3+ 17.Qxf3 g6 18.cxb4 Bd7 19.Ba6+ Kc7 20.dxc6 Bxc6 
21.Qg3 Kd7 22.Qxd6+ Kxd6 23.d4 Re8 24.Bf4+ Kd7 25.Rxe8 Kxe8 26.Re1+ Kd7 
27.Bg5 Kc7 28.Re7+ Kd6 29.Bc4 b5 30.Bf7 h6 31.Re6+ Kc7 32.Bd8+ Kd7 33.Rxg6
Be4 34.Rg8 Bh7 35.Rg7 Kxd8 36.Rxh7 Ke7 37.Bc4+ Kd6 38.Bxb5 Kd5 39.Rxh6 
Kxd4 40.g4 Ke5 41.g5 Kf5 42.Bd3+ Kxg5 43.Ra6 Kf4 44.Rxa7 Ke5 45.Rc7 Kd6 
46.Rc1 Kd5 47.b5 Kd4 48.b6 Kxd3 49.b7 Kd2 50.Rc8 Kd3 51.b8=Q Kd4 52.Qd6+ 
Ke3 53.Qe5+ Kd2 54.Qd4+ Ke2 55.Re8+ Kf3 56.Qe4# 1-0

[Event "R6Ronde5 Foix-Tournefeuille"]
[Site "?"]
[Date "2003.02.02"]
[Round "5.3"]
[White "Evrard, Emmanuel"]
[Black "Artis, Francois"]
[Result "0-1"]
[WhiteElo "1580"]
[BlackElo "1740"]
[EventDate "2003.??.??"]
[PlyCount "82"]

1.e4 c6 2.d4 d5 3.e5 Bf5 4.f4 h5 5.Nf3 e6 6.Be2 Be7 7.Be3 Nh6 8.O-O Nd7 9.
Nbd2 Ng4 10.Bf2 c5 11.h3 Nxf2 12.Rxf2 Rc8 13.Ng5 Bxg5 14.fxg5 Qxg5 15.c3 
Bxh3 16.Nf3 Qg3 17.Nh2 Bg4 18.Qa4 Bxe2 19.Rxe2 a6 20.Rf1 Qg6 21.Ref2 Rf8 
22.Nf3 Rc6 23.Nh4 Qg5 24.Nf3 Qe7 25.dxc5 Rxc5 26.Qb4 b6 27.a4 g5 28.Qd4 g4
29.Nd2 Qh4 30.b4 Rc7 31.Rf4 Qg3 32.Rc1 Rg8 33.Nf1 Qh4 34.Rc2 Rc4 35.Qe3 
Rxf4 36.Qxf4 Qg5 37.Qd4 Qxe5 38.Qd3 Qe4 39.Qxa6 Qxc2 40.Qc8+ Ke7 41.Qxg8 
Qxc3 0-1

[Event "R6Ronde5 Cahors2-Cate2"]
[Site "?"]
[Date "2003.02.02"]
[Round "5.2"]
[White "Delay, Guillaume"]
[Black "Van Hall, Pieter"]
[Result "0-1"]
[WhiteElo "1099"]
[BlackElo "1530"]
[EventDate "2003.??.??"]
[PlyCount "94"]

1.e4 c5 2.Nf3 Nc6 3.Nc3 d6 4.Bc4 e6 5.O-O Nf6 6.d3 a6 7.a4 Be7 8.Be3 O-O 
9.h3 b6 10.Re1 Bb7 11.Qd2 Nb4 12.Bb3 d5 13.exd5 exd5 14.Bf4 Bd6 15.Bxd6 
Qxd6 16.Re2 d4 17.Ne4 Nxe4 18.dxe4 Rfe8 19.c3 Nc6 20.Bc2 Ne5 21.Nxe5 Qxe5 
22.cxd4 cxd4 23.Rae1 Rac8 24.f4 Qc5 25.e5 d3+ 26.Rf2 dxc2 27.Rc1 Red8 28.
Qe2 Bd5 29.Rxc2 Qxc2 30.Qxc2 Rxc2 31.Rxc2 Bb3 32.Rc3 Bxa4 33.b3 Bb5 34.Rc7
Kf8 35.Kf2 Rd3 36.b4 Rd4 37.Ke3 Rxb4 38.h4 a5 39.Kf3 h5 40.f5 a4 41.Ra7 
Bc6+ 42.Ke3 b5 43.g3 Re4+ 44.Kd3 Rxe5 45.Rc7 Be8 46.Kc3 Rxf5 47.Kb4 Re5 
0-1

[Event "R6Ronde5 Cahors2-Cate2"]
[Site "?"]
[Date "2003.02.02"]
[Round "5.1"]
[White "Materre, Dominique"]
[Black "Poussy, Daniel"]
[Result "1-0"]
[WhiteElo "1760"]
[BlackElo "1390"]
[EventDate "2003.??.??"]
[PlyCount "149"]

1.d4 e6 2.Nf3 d5 3.c4 Nf6 4.Nc3 b6 5.Bg5 Be7 6.e3 Bb7 7.cxd5 Nxd5 8.Bxe7 
Qxe7 9.Rc1 O-O 10.Bd3 Qd8 11.O-O Nd7 12.a3 N7f6 13.Ng5 h6 14.Nf3 a6 15.Re1
Rc8 16.e4 Nf4 17.Bb1 c6 18.Qc2 g6 19.Qd2 N6h5 20.b4 g5 21.e5 Kg7 22.Red1 
c5 23.Be4 Nd5 24.Nxd5 Bxd5 25.Bxd5 Qxd5 26.bxc5 Nf4 27.Ne1 Rfd8 28.g3 Qxd4
29.Qxd4 Rxd4 30.Rxd4 Ne2+ 31.Kf1 Nxd4 32.Nd3 Nb3 33.Rc3 Nd2+ 34.Ke2 Ne4 
35.Rc4 Nxc5 36.Ke3 f5 37.Rc3 f4+ 38.gxf4 gxf4+ 39.Nxf4 Kf7 40.Nd3 Rc7 41.
a4 a5 42.Nxc5 bxc5 43.Kd3 Rd7+ 44.Kc4 Rd5 45.f4 Kg6 46.Kb5 Kf5 47.Rc4 Kg4 
48.Kxa5 Kh3 49.Kb5 Rd2 50.a5 Rxh2 51.Rxc5 Rf2 52.Rc6 h5 53.Rxe6 Rxf4 54.
Rf6 Re4 55.e6 Kg3 56.a6 Re2 57.a7 Rb2+ 58.Kc6 Rc2+ 59.Kb7 Rb2+ 60.Kc8 Rc2+
61.Kd8 Ra2 62.Rf7 h4 63.Rd7 h3 64.e7 h2 65.e8=Q h1=Q 66.Qg6+ Kf4 67.Qf6+ 
Ke3 68.Qe6+ Kf4 69.Qxa2 Qa8+ 70.Ke7 Qe4+ 71.Qe6 Qa4 72.Qf7+ Kg3 73.Rd3+ 
Kg2 74.Qf3+ Kg1 75.Qd1+ 1-0

[Event "R6Ronde5 Albi3-Luchon2"]
[Site "?"]
[Date "2003.02.02"]
[Round "5.3"]
[White "Martinez, Cristian"]
[Black "Moreau, Philippe"]
[Result "0-1"]
[WhiteElo "1200"]
[BlackElo "1580"]
[EventDate "2003.??.??"]
[PlyCount "84"]

1.e4 g6 2.d4 Bg7 3.Be3 d6 4.h3 Nf6 5.Nc3 O-O 6.Bd3 Nbd7 7.Nge2 a6 8.Qd2 
Re8 9.O-O-O b5 10.a3 c5 11.dxc5 Nxc5 12.e5 Nxd3+ 13.Qxd3 Bf5 14.Qd2 dxe5 
15.g4 Qxd2+ 16.Rxd2 Be4 17.Rg1 Bc6 18.Ng3 Rad8 19.g5 Nd5 20.Nxd5 Rxd5 21.
Rxd5 Bxd5 22.Bb6 f5 23.Ba5 Rc8 24.Ne2 e6 25.Nc3 Bc4 26.Rd1 e4 27.b3 Bxc3 
28.Bxc3 Bxb3 29.cxb3 Rxc3+ 30.Kb2 Rf3 31.Rd8+ Kf7 32.Rd7+ Ke8 33.Rxh7 
Rxf2+ 34.Kc1 e3 35.Kd1 Rg2 36.Rh6 Rxg5 37.Ke2 f4 38.Rh8+ Kf7 39.Rh7+ Kf6 
40.Ra7 Rg2+ 41.Ke1 f3 42.Rxa6 Rg1# 0-1

[Event "R5-A-Fleurance/CEIT"]
[Site "?"]
[Date "2003.02.02"]
[Round "5.2"]
[White "Vallee-Patetif, Francine"]
[Black "Melchy, Julien"]
[Result "1-0"]
[WhiteElo "1540"]
[BlackElo "1499"]
[EventDate "2003.03.01"]
[PlyCount "65"]
[SourceDate "2003.03.01"]

1.e4 c6 2.d4 d5 3.e5 Bf5 4.Nf3 Nd7 5.Be2 e6 6.a3 a5 7.O-O c5 8.c3 Qc7 9.
Nbd2 Ne7 10.Re1 h6 11.dxc5 Nxc5 12.Nd4 Bd3 13.N2f3 Bxe2 14.Qxe2 Nc8 15.Be3
Be7 16.Rad1 O-O 17.h3 Nd7 18.Bc1 Ncb6 19.Nh2 Nc4 20.Ng4 Bg5 21.Bxg5 hxg5 
22.Nf3 Qd8 23.Rd4 Re8 24.Qc2 Nc5 25.Qc1 Ne4 26.Rexe4 Qe7 27.Re1 Rad8 28.
Nxg5 Nxb2 29.Qxb2 Qxg5 30.Nf6+ Kh8 31.Nxe8 Rxe8 32.Qxb7 f6 33.Rg4 1-0

[Event "R5-A-CEIT/Fleurance"]
[Site "?"]
[Date "2003.02.02"]
[Round "5.3"]
[White "Pezou, Jean Claude"]
[Black "Tauziede, Jean Pierre"]
[Result "1-0"]
[WhiteElo "1590"]
[BlackElo "1540"]
[EventDate "2003.03.01"]
[PlyCount "87"]
[SourceDate "2003.03.01"]

1.d4 Nf6 2.c4 g6 3.Nf3 Bg7 4.Nc3 O-O 5.e4 d6 6.Be2 Nc6 7.O-O e5 8.d5 Ne7 
9.Bg5 h6 10.Bd2 Ne8 11.Bd3 f5 12.exf5 gxf5 13.Nh4 Nf6 14.f4 e4 15.Be2 Bd7 
16.Be3 Be8 17.Nb5 Bxb5 18.cxb5 Kh7 19.Bc4 Nfxd5 20.Bd4 Nf6 21.g3 d5 22.Bb3
b6 23.Rc1 Rc8 24.a4 Ne8 25.Bxg7 Nxg7 26.Qd4 Qd6 27.Rfd1 Qf6 28.Ng2 Qxd4+ 
29.Rxd4 Rfd8 30.Rcd1 Ne6 31.R4d2 Nc5 32.Bxd5 Nxd5 33.Rxd5 Rxd5 34.Rxd5 
Nxa4 35.Rxf5 Re8 36.Rf7+ Kg6 37.Rxc7 Nxb2 38.Ne3 Na4 39.Rxa7 Nc5 40.Rc7 
Rb8 41.Rc6+ Kg7 42.Kf2 h5 43.Nf5+ Kf7 44.Ke3 1-0

[Event "R5-A-CATE/Vic"]
[Site "?"]
[Date "2003.02.02"]
[Round "5.3"]
[White "Grihon, Stephane"]
[Black "Darramon, Julien"]
[Result "1-0"]
[WhiteElo "1480"]
[BlackElo "1230"]
[EventDate "2003.02.02"]
[PlyCount "69"]
[SourceDate "2003.03.01"]

1.d4 d5 2.c4 dxc4 3.e4 e6 4.Bxc4 Nc6 5.Nf3 a6 6.O-O Nf6 7.Bg5 Be7 8.Nc3 b5
9.Bxf6 Bxf6 10.e5 Be7 11.Bb3 O-O 12.Rc1 Na5 13.Bc2 f6 14.exf6 Bxf6 15.Ne4 
Bb7 16.Qd3 g6 17.Nc5 Qd5 18.b4 Nc6 19.Bb3 Nxb4 20.Qd1 Qc6 21.Nxe6 Rf7 22.
Rxc6 Bxc6 23.Neg5 Bd5 24.Nxf7 Kxf7 25.Bxd5+ Nxd5 26.Qb3 Ke6 27.Rc1 Rc8 28.
Rc6+ Kd7 29.Qxd5+ Ke8 30.Rxf6 c6 31.Qe6+ Kd8 32.Rf8+ Kc7 33.Qxc8+ Kb6 34.
Qd8+ Ka7 35.Rf7# 1-0

[Event "R5-A-Condom/Castel-M."]
[Site "?"]
[Date "2003.02.02"]
[Round "5.5"]
[White "Porche, Christian"]
[Black "Carteron, Olivier"]
[Result "1-0"]
[WhiteElo "1680"]
[BlackElo "1260"]
[EventDate "2003.03.01"]
[PlyCount "89"]
[SourceDate "2003.03.01"]

1.e4 e5 2.Nf3 Nc6 3.Bb5 Qf6 4.Nc3 a6 5.Nd5 Qd6 6.Ba4 Nf6 7.Nxf6+ Qxf6 8.
O-O Bc5 9.d3 h6 10.Qe2 d6 11.h3 O-O 12.Be3 Nd4 13.Nxd4 exd4 14.Bd2 b5 15.
Bb3 Be6 16.f4 Bxb3 17.axb3 Rfe8 18.Qg4 Re7 19.Rf3 Qg6 20.Qxg6 fxg6 21.g3 
b4 22.Kh2 a5 23.Re1 Rae8 24.Rf2 Re6 25.g4 Rf8 26.h4 Bb6 27.Rff1 c5 28.f5 
gxf5 29.exf5 Ref6 30.h5 Bd8 31.Re2 R6f7 32.Kh3 Bg5 33.Bxg5 hxg5 34.Rfe1 
Rd8 35.Re6 Kh7 36.Kg3 Rdd7 37.Rg6 Rfe7 38.Ree6 Rxe6 39.Rxe6 Kg8 40.Kf3 Kf7
41.Ke4 Re7 42.Rxe7+ Kxe7 43.Kd5 Kd7 44.f6 gxf6 45.h6 1-0

[Event "R5-A-Condom/Castel-M."]
[Site "?"]
[Date "2003.02.02"]
[Round "5.3"]
[White "Aspinall, John"]
[Black "Catala, Bernard"]
[Result "1-0"]
[WhiteElo "1790"]
[BlackElo "1499"]
[EventDate "2003.03.01"]
[PlyCount "57"]
[SourceDate "2003.03.01"]

1.d3 e5 2.e4 Nc6 3.Nf3 Bc5 4.c3 h6 5.b4 Bb6 6.b5 Nce7 7.Nxe5 d6 8.Nc4 Nf6 
9.a4 Ng4 10.Nxb6 cxb6 11.Be2 h5 12.h3 Nf6 13.O-O g6 14.Bg5 Nh7 15.Be3 Qc7 
16.c4 Be6 17.Nc3 Bd7 18.Rc1 f5 19.Nd5 Nxd5 20.cxd5 Qd8 21.exf5 Bxf5 22.
Bxh5 Rg8 23.Bg4 Rf8 24.Re1 Kf7 25.Bxf5 Qf6 26.Be6+ Kg7 27.Rc7+ Kh8 28.Qg4 
Qc3 29.Bd4+ 1-0

[Event "R5-A-CEIT/Fleurance"]
[Site "?"]
[Date "2003.02.02"]
[Round "5.1"]
[White "Laffont, Jean-Christophe"]
[Black "Kuzev, Jordan"]
[Result "0-1"]
[WhiteElo "1570"]
[BlackElo "2239"]
[EventDate "2003.03.01"]
[PlyCount "58"]
[SourceDate "2003.03.01"]

1.d4 Nf6 2.c4 e6 3.a3 d5 4.e3 c6 5.Nf3 Nbd7 6.Bd3 Bd6 7.O-O Ne4 8.Qc2 f5 
9.c5 Bc7 10.Qe2 O-O 11.h3 Qe8 12.Nbd2 Qh5 13.Nh2 Qh6 14.Nxe4 fxe4 15.Bc2 
Nf6 16.Kh1 Bd7 17.Bd2 Be8 18.Qe1 Bh5 19.Bd1 Rf7 20.f4 exf3 21.Bxf3 Bxf3 
22.Nxf3 Ne4 23.Bc3 Raf8 24.Kg1 Ng3 25.Rf2 g5 26.Rc2 g4 27.hxg4 Qh1+ 28.Kf2
Rxf3+ 29.gxf3 Rxf3# 0-1

[Event "Coupe 2000"]
[Site "?"]
[Date "2003.02.16"]
[Round "3"]
[White "Dirat, Sylvain"]
[Black "Pagnoncelli, Herve"]
[Result "0-1"]
[WhiteElo "1760"]
[BlackElo "1830"]
[Annotator "Moissac/Condom"]
[PlyCount "44"]

1.d4 d5 2.Bg5 Nf6 3.Nc3 c5 4.dxc5 d4 5.Bxf6 exf6 6.Ne4 Bf5 7.Qd3 Qa5+ 8.c3
dxc3 9.Qxc3 Qxc3+ 10.Nxc3 Bxc5 11.Nb5 Bb4+ 12.Nc3 Nc6 13.e3 O-O 14.Bb5 
Rac8 15.Ne2 Ne5 16.O-O a6 17.Ba4 Nc4 18.a3 Bxc3 19.bxc3 b5 20.Bb3 Nd2 21.
Nf4 Nxb3 22.Nd5 Nxa1 0-1

[Event "Coupe 2000"]
[Site "?"]
[Date "2003.02.16"]
[Round "3"]
[White "Rouede, Gilbert"]
[Black "Josserand, Pascal"]
[Result "1/2-1/2"]
[WhiteElo "1880"]
[BlackElo "1840"]
[Annotator "Auch/Tournefeuille"]
[PlyCount "64"]

1.e4 e6 2.d4 d5 3.Nc3 Nf6 4.e5 Nfd7 5.f4 c5 6.Nf3 Nc6 7.Be2 cxd4 8.Nxd4 
Bc5 9.Nxc6 bxc6 10.Na4 Bb6 11.Nxb6 Qxb6 12.Qd3 c5 13.Qg3 g6 14.O-O Bb7 15.
Kh1 O-O-O 16.a4 h5 17.a5 Qc7 18.a6 Bc6 19.Bd2 h4 20.Qh3 Rdg8 21.b4 g5 22.
bxc5 Nxc5 23.Bb4 Ne4 24.Bd6 Qb6 25.Qb3 Qxb3 26.cxb3 Nxd6 27.exd6 gxf4 28.
Rxf4 Rg7 29.b4 d4 30.Rc1 Kd7 31.Bf3 Bxf3 32.gxf3 e5 1/2-1/2

[Event "Coupe 2000"]
[Site "?"]
[Date "2003.02.16"]
[Round "1"]
[White "Canivet, Christophe"]
[Black "Schegerin, Andre"]
[Result "1-0"]
[WhiteElo "1800"]
[BlackElo "1860"]
[Annotator "Cahors/Albi"]
[PlyCount "57"]

1.e4 e5 2.f4 exf4 3.Nf3 g5 4.Bc4 g4 5.O-O gxf3 6.Qxf3 Bh6 7.d4 d5 8.exd5 
Qf6 9.Qe4+ Qe7 10.Qxe7+ Kxe7 11.Bxf4 Bxf4 12.Rxf4 Nd7 13.d6+ Kxd6 14.Rxf7 
Nb6 15.Bd3 Be6 16.Rxh7 Rxh7 17.Bxh7 Nf6 18.Bd3 Bc4 19.Bxc4 Nxc4 20.b3 Ne3 
21.Na3 Rg8 22.g3 c6 23.Re1 Ned5 24.Nc4+ Kc7 25.a3 Rg4 26.Rd1 Nc3 27.Rd3 
Rxd4 28.Rxc3 Ne4 29.Rd3 1-0

[Event "Coupe 2000"]
[Site "?"]
[Date "2003.02.16"]
[Round "3"]
[White "Cwiek, Loic"]
[Black "Salvignac, Remy"]
[Result "1-0"]
[WhiteElo "1960"]
[BlackElo "1570"]
[Annotator "Lardenne/Cahors"]
[PlyCount "69"]

1.d4 d5 2.c4 dxc4 3.Nc3 e6 4.e3 Nf6 5.Bxc4 c5 6.Nf3 a6 7.a4 Nc6 8.O-O Be7 
9.Ne2 O-O 10.Qc2 b6 11.Rd1 Qc7 12.e4 Nb4 13.Qb3 Bb7 14.Bf4 Qc8 15.Ng5 Nxe4
16.Nxe6 Nf6 17.Nxf8 Kxf8 18.d5 Qg4 19.f3 Qh5 20.Ng3 Qg6 21.d6 Bd8 22.Bd3 
Nxd3 23.Qxd3 Qxd3 24.Rxd3 h6 25.Re1 Nd5 26.Be5 f6 27.Bc3 b5 28.axb5 axb5 
29.Ne4 b4 30.Nxc5 bxc3 31.Nxb7 Bb6+ 32.Kf1 cxb2 33.Rxd5 Ra1 34.Rdd1 Ra2 
35.d7 1-0

[Event "Coupe 2000"]
[Site "?"]
[Date "2003.02.16"]
[Round "1"]
[White "Hoarau, David"]
[Black "Riviere, Frederic"]
[Result "1-0"]
[WhiteElo "1910"]
[BlackElo "1740"]
[Annotator "Ramonville/Moissac"]
[PlyCount "48"]

1.e4 e5 2.Nf3 Nc6 3.Bc4 h6 4.d4 exd4 5.Nxd4 Bc5 6.Bxf7+ Kxf7 7.Qh5+ Kf8 8.
Qxc5+ d6 9.Nxc6 bxc6 10.Qxc6 Bd7 11.Qc4 Nf6 12.Nc3 Rb8 13.b3 Ng4 14.h3 Ne5
15.Qe2 Qf6 16.Bb2 Be6 17.f4 Nc4 18.O-O-O Nxb2 19.Kxb2 Ke7 20.e5 Qf7 21.
exd6+ cxd6 22.Qa6 Rhd8 23.Qxa7+ Bd7 24.Qc7 Qf6 1-0